Az érzelmi intelligencia és hatása a szervezet illetve a vezetés hatékonyságára

Bibliográfiai részletek
Szerző: Csiszár Lilla
További közreműködők: Göndör András
Dokumentumtípus: Diplomadolgozat
Kulcsszavak:Érzelmi intelligencia
szervezet
vezetői döntéshozatal
Online Access:http://dolgozattar.uni-bge.hu/17356

MARC

LEADER 00000nta a2200000 i 4500
001 dolg17356
005 20180517112832.0
008 180517suuuu hu om 000 hun d
040 |a BGE Dolgozattár Repozitórium  |b hun 
041 |a hu 
100 1 |a Csiszár Lilla 
245 1 3 |a Az érzelmi intelligencia és hatása a szervezet illetve a vezetés hatékonyságára  |c Csiszár Lilla  |h [elektronikus dokumentum] 
246 1 1 |a Az érzelmi intelligencia és hatása a szervezet illetve a vezetés hatékonyságára 
246 1 1 |a - 
695 |a Érzelmi intelligencia 
695 |a szervezet 
695 |a vezetői döntéshozatal 
700 1 |a Göndör András  |e ths 
856 4 0 |u http://dolgozattar.uni-bge.hu/17356/1/SZAKDOGA%20V%C3%A9gleges.pdf  |z Dokumentum-elérés